01226nam a22002897a 45000010005000000030006000050050017000110080041000280200018000690400029000870820008001161000021001242450051001452600038001963000045002344900020002795050008002995200353003075210030006605210020006906500027007106500022007377000032007599420015007919990015008069520115008215351FISKH20241127143636.0241127b cb ||||| |||| 00| 0 eng d a9781407107097 aFISKHbengcFISKHdFISKH a510 aPoskitt, Kjartan aThe Mean and Vulgar Bits /cby Kjartan Poskitt aNew York : bScholastic ;c2000 . a160 pages : billustrations ; c21 cm .  aMurderous Maths aS  aUsing a host of funny characters, this title presents the tricks, tips and shortcuts to statistics they don't teach at school. It helps readers find out how fractions can save them from the toxic mutant fish of Fastbuck, what makes Pongo McWhiffy a mathematical freak, and travel to Planet Mean to discover how averages can be absolutely revolting.8 a790 bLexile estimate 8 aS bRaz-Plus  afractionsvNon-fiction amathvNon-fiction aReeve, Philipeillustrator  2ddccBKn0 c5351d5351 00102ddc40708NFICa001b001cSNSd2024-11-27l0oPOS 510 pFISSE02021r2024-11-27 14:36:32w2024-11-27yBK